[Event "Tilburg"]
[Site "Tilburg"]
[Date "1994.??.??"]
[Round "3"]
[White "Georgiev, Kiril"]
[Black "Morozevich, Alexander"]
[Result "1-0"]
[WhiteElo "2615"]
[BlackElo "2575"]
[Annotator "Georgiev,Ki"]
[PlyCount "79"]
[EventDate "1994.09.??"]
[EventType "k.o."]
[EventRounds "7"]
[EventCountry "NED"]
[SourceTitle "CBM 044"]
[Source "ChessBase"]
[SourceDate "1995.02.01"]
[SourceVersion "1"]
[SourceVersionDate "1995.02.01"]
[SourceQuality "1"]

1. d4 {Ftacnik} d5 2. c4 Nc6 3. Nc3 dxc4 4. Nf3 (4. d5 {Ftacnik} Ne5 (4... Na5
$5 5. Qa4+ c6 6. b4 cxb3 7. axb3 e6 8. Bd2 $1 $13 (8. Qxa5 Qxa5 9. Rxa5 Bb4)))
4... Nf6 5. e4 Bg4 6. Be3 e6 (6... Bxf3 {Ftacnik} 7. gxf3 e5 $13) 7. Bxc4 Bb4
8. Qc2 O-O (8... Bxf3 {Ftacnik} 9. gxf3 Nxd4 $2 10. Bxd4 Qxd4 11. Qa4+ $18) 9.
Rd1 Qe7 10. Be2 $1 $146 (10. O-O {Ftacnik} Bxf3 11. gxf3 Nh5 $132) 10... e5 11.
d5 (11. dxe5 Nxe5 12. Nxe5 Qxe5 (12... Bxe2 13. Kxe2 Qxe5 14. f3 $14) 13. f3
Be6 14. O-O Bc5 $10) 11... Nd4 $6 (11... Bxf3 12. Bxf3 Na5 13. a3 Bd6 14. Be2
$14) (11... Nd8 12. O-O c6 13. dxc6 Nxc6 14. Nd5 Nxd5 15. exd5 Bxf3 16. Bxf3
$14) 12. Nxd4 (12. Bxd4 {Ftacnik} exd4 13. Nxd4 Nxe4 $17) 12... exd4 13. Rxd4 (
13. Bxd4 {Ftacnik} Bxe2 (13... Nxe4 14. f3 $5) 14. Qxe2 (14. Bxf6 Bxd1 15. Bxe7
Bxc2 16. Bxb4 Rfe8) 14... Nxe4) 13... Bxe2 14. Kxe2 Bc5 (14... Ng4 15. Nd1 Bc5
(15... f5 16. exf5 Nxe3 17. fxe3 Rae8 18. Qb3 Bd6 $44) 16. Rc4 Nxe3 17. Nxe3
Bxe3 18. Kxe3 Rac8 (18... Qg5+ 19. f4 $16) 19. Rc1) 15. Rd2 (15. Rd3 Bxe3 16.
Rxe3 Ng4 17. Rg3 f5 18. h3 Nf6 19. Re1 f4 (19... fxe4 20. Kf1 Qc5 $1 $10) 20.
Rd3 Nd7 21. f3 Ne5 22. Rd4 Qc5 $44) (15. f3 {Ftacnik} Bxd4 16. Bxd4 $44) 15...
Bxe3 16. Kxe3 $1 Ng4+ (16... Rfe8 17. f3 Nh5 18. Ke2 (18. Kf2 Qh4+ 19. Ke3 Qg5+
20. Kf2 Qh4+ $10) 18... Nf4+ 19. Kd1 $14) 17. Ke2 Qg5 (17... Qh4 $5) (17... f5
{Ftacnik} 18. f3 fxe4 19. Nxe4 $14 (19. fxg4 $2 e3 $1)) 18. Kd1 (18. h3 $2 Ne3
19. fxe3 Qxg2+ $19) (18. h4 Qf4 19. f3 Qg3 $13) (18. Kf1 f5 19. h4 Qf4 $40)
18... f5 (18... Ne5 19. g3 Nf3 20. Rd3 Ne5 21. Re3 $16 {/\22.f4}) 19. exf5 (19.
Re1 f4 (19... Nxh2 20. f3 {Der schwarze Springer ist eingesperrt!} fxe4 21.
Nxe4 Qf4 22. Nc5 $16 {/\23.Ne6}) (19... Rae8 $5) 20. Qb3 Kh8 21. h3 Ne5 22. f3
$16) (19. h3 {Ftacnik} Ne5 $13) 19... Rae8 (19... Rxf5 20. Ne4 Qh5 (20... Qh6
21. Qxc7 $16) 21. Kc1 (21. Ng3 Ne3+ 22. Kc1 Nxc2 23. Nxh5 Nb4 24. Ng3 Rxf2 $6 (
24... Rxd5 $142 $1 25. Rxd5 Nxd5 26. Rd1 c6 $10) 25. Rxf2 Nd3+ 26. Kb1 Nxf2 27.
Rc1 $16) 21... Rxd5 $2 22. Qb3 Rad8 23. Nc3 $18) (19... Qxf5 20. Qxf5 Rxf5 21.
f3 Ne3+ 22. Kc1 Rd8 23. Re1 Nc4 (23... Nxd5 $2 24. g4 Rg5 25. h4 $18) 24. Rde2
$14) 20. h3 $16 (20. Ne4 Qxf5 21. Re1 Rxe4 $1 22. Rxe4 Nxf2+ 23. Rxf2 Qxf2 24.
Qxf2 Rxf2 25. Re2 $10) 20... Ne5 21. Re1 (21. g4 $5 {Ftacnik} h5 (21... Qf4 22.
Qe4 Qxe4 23. Nxe4 Nxg4 24. hxg4 Rxe4 25. f3 Re3 26. Rf1 $14) 22. d6 hxg4 23.
Qb3+ Rf7 24. dxc7 Qxf5 25. Rd8 Qf3+ 26. Kd2 $5 (26. Kc2 Qf5+)) 21... Qxg2 22.
Rde2 Qf3 23. Qe4 $1 Qh5 (23... Qxh3 24. f4 Ng6 (24... Nd3 25. Qxe8 Rxe8 26.
Rxe8+ Kf7 27. R1e7+ Kf6 28. Ne4+ Kxf5 29. Rf7+ Kg6 30. Re6+ $1 Kh5 31. Rxg7 {
/\32.Rg5} Nxb2+ 32. Ke1 $1 Qe3+ (32... Qh1+ 33. Ke2 Qd1+ 34. Kf2 Qd4+ 35. Kf3
$1 Qxg7 36. Ng3+ $18 {/\37.Nf5}) 33. Kf1 Qxf4+ 34. Kg2 $18) 25. Qxe8 Rxe8 26.
Rxe8+ Nf8 $14) (23... Kf7 $5) 24. f3 $1 (24. Kc2 {Ftacnik} Nf3 25. Qxe8 Nxe1+
$19) (24. Kc1 {Ftacnik} Rxf5 25. f4 Rxf4 26. Qxf4 Nd3+ 27. Kb1 Rxe2 $1) 24...
h6 (24... Nxf3 25. Qxe8 Rxe8 26. Rxe8+ Kf7 27. R1e7+ Kf6 28. Ne4+ Kxf5 29. Rf8+
$18 (29. Ng3+ $18 {Ftacnik}) 29... Kg6 30. Re6#) 25. f6 $1 gxf6 (25... Nxf3 26.
Qxe8 Rxe8 27. Rxe8+ Kf7 (27... Kh7 $2 28. R1e7 Nd4+ 29. Ne2 $18) 28. R1e7+ Kxf6
$13) (25... Rxf6 {Ftacnik} 26. f4) 26. Kc1 Kg7 $1 (26... f5 {Ftacnik} 27. Qd4
Nxf3 28. Rg2+ Ng5 29. Rxe8 Rxe8 30. h4 Re1+ 31. Kd2 $16) (26... Nxf3 {Ftacnik}
27. Qxe8 Rxe8 28. Rxe8+ Kf7 29. R1e7+ Kg6 30. Rg8+ Kf5 31. Ne2 $18) 27. Qc2 (
27. d6 cxd6 (27... c6 28. Qc2 Nxf3 29. Re7+ Rxe7 30. Rxe7+ Rf7 31. Rxf7+ Qxf7 (
31... Kxf7 32. Qh7+ Ke6 33. Qe7+ Kf5 34. Qe4+ Kg5 35. d7 $18) 32. Qg2+ Ng5 33.
h4 $18) 28. Qxb7+ Kh8 29. Qd5 $13) 27... Qxf3 $2 (27... Nxf3 28. Re7+ Rxe7 29.
Rxe7+ Rf7 30. Rxf7+ Kxf7 31. Qh7+ Kf8 32. Qxc7 Qg5+ 33. Kc2 Nd4+ 34. Kd3 Nf5)
28. Kb1 Kh8 (28... Re7 $1 {Ftacnik} 29. Re3 Qh5 30. Nb5 Qg6 $13) 29. Nb5 Rc8 $2
(29... c6 30. Nc7 Re7 31. Re3 Qh5 32. d6 Rd7 33. Rd1 $14) 30. Nxc7 Rfd8 (30...
Nd3 {Ftacnik} 31. Re7 $1 Nxe1 $4 32. Qh7#) 31. Re3 Qh5 32. Rc3 Qg6 33. Qxg6 {
Nach dem Damentausch entsccheidet der Weiße d-Freibauer das Spiel.} Nxg6 34.
Re6 $1 $18 Rd7 (34... Kg7 {Ftacnik} 35. d6 Kf7 36. Rf3) (34... Nf4 {Ftacnik}
35. Rxf6 Rxc7 36. Rxc7 Nxd5 37. Rxh6+ $18) 35. d6 Rf8 (35... Rcd8 {Ftacnik} 36.
Ne8) 36. Nd5 Rff7 (36... Kg7 37. Rg3 $18 (37. Rc7 {Ftacnik})) 37. Nxf6 Nf8 38.
Rg3 Rg7 39. Re8 Rdf7 (39... Rxg3 {Ftacnik} 40. Rxf8+ Kg7 41. Nxd7 $18) 40. d7
1-0

[Event "Bayern-chI Bank Hofmann 6th"]
[Site "Bad Wiessee"]
[Date "2002.10.30"]
[Round "5"]
[White "Gershon, Alik"]
[Black "Pirrot, Dieter"]
[Result "1-0"]
[WhiteElo "2562"]
[BlackElo "2421"]
[Annotator "Gershon,A"]
[PlyCount "35"]
[EventDate "2002.10.26"]
[EventType "swiss"]
[EventRounds "9"]
[EventCountry "GER"]
[SourceTitle "EXT 2003"]
[Source "ChessBase"]
[SourceDate "2002.11.25"]
[SourceVersion "1"]
[SourceVersionDate "2002.11.25"]
[SourceQuality "1"]

1. d4 d5 2. Nf3 Nc6 3. c4 Bg4 4. cxd5 Bxf3 5. gxf3 Qxd5 6. e3 e5 7. Nc3 Bb4 8.
Bd2 Bxc3 9. bxc3 Qd6 10. Rb1 b6 11. f4 exf4 12. e4 Nge7 13. Qf3 O-O 14. Bxf4
Qa3 15. Bg2 $5 {the bishop is more useful on the long diagonal, than on e2.} (
15. Be2 f5 (15... Ng6 16. Bg3 Qxa2 17. O-O Nce7 18. Bxc7 Qe6 19. Rfe1 Rac8 20.
Bg3 f5 21. exf5 Qxf5 22. Qxf5 Nxf5 23. Rb3 $13 {1/2-1/2 Urday Caceres,
H-Hertneck,G/Berlin 1998/CBM 66 ext (35)}) 16. O-O fxe4 17. Qxe4 Qxc3 18. Be3
Qa3 19. Bd3 $40 {1/2-1/2 Kasparov,G-Smyslov,V/Vilnius 1984/Candidates/ (26).})
15... f5 $2 (15... Ng6 $142 16. Bc1 (16. Bg3 f5 17. exf5 Rae8+ 18. Kf1 Nce7 (
18... Qxa2 $4 19. Qd5+ Qxd5 20. Bxd5+ $18) 19. Qd3 Nxf5 $15) 16... Qxa2 17. Rb2
Qa5 18. O-O Nce7 (18... Nh4 $142 19. Qg3 Nxg2 20. Kxg2 $44) 19. Qd3 Rad8 20. f4
$36 {1-0 Freitag,M-Bukal,V/AUT 2001/EXT 2002 (42)}) 16. O-O Kh8 $6 (16... Ng6
17. exf5 Nxf4 18. Qxf4 Qxc3 19. Rbc1 Nxd4 20. Rxc3 Ne2+ 21. Kh1 Nxf4 22. Bxa8
Rxa8 23. Rxc7 {with a winning endgame for white.}) (16... fxe4 17. Qxe4 Qxa2
18. d5 Ng6 19. Qe6+ Kh8 20. Bxc7 Na5 21. Rbe1 $16 {White's passed 'd' pawn
will prove decisive.}) 17. d5 $1 Ng6 (17... Na5 18. Bxc7 {and the 'd' pawn
suddenly becomes unstoppable.}) 18. Bc1 {here black resigned rather
prematurely:} (18. Bc1 Qxa2 19. Rb2 Qc4 20. dxc6 Nh4 21. Qg3 Nxg2 22. Qxg2 fxe4
23. Rb4 Qxc6 24. Qxe4 Qxc3 25. Rc4 {with a big advantage for white, but should
still be converted..}) 1-0

[Event "Lazne Bohdanec"]
[Site "Lazne Bohdanec"]
[Date "1996.??.??"]
[Round "4"]
[White "Vokac, Marek"]
[Black "Kaminski, Marcin"]
[Result "1/2-1/2"]
[WhiteElo "2455"]
[BlackElo "2525"]
[Annotator "Giese"]
[PlyCount "59"]
[EventDate "1996.01.??"]
[EventType "tourn"]
[EventRounds "11"]
[EventCountry "CZE"]
[EventCategory "10"]
[SourceTitle "CBM 051"]
[Source "ChessBase"]
[SourceDate "1996.04.01"]
[SourceVersion "1"]
[SourceVersionDate "1996.04.01"]
[SourceQuality "1"]

1. d4 d5 2. c4 Nc6 3. Nc3 dxc4 4. d5 Ne5 5. Bf4 Ng6 6. Bg3 e5 7. Nf3 Bd6 8. e4
Nf6 9. Nd2 O-O 10. Nxc4 a6 11. Bd3 Nf4 12. O-O N6h5 13. Rc1 Qg5 14. Nxd6 cxd6
15. Be2 f5 16. exf5 Bxf5 17. Bxh5 Nxh5 18. Ne2 Nf4 19. Bxf4 exf4 20. f3 Rae8
21. Rc4 b5 22. Rd4 Bh3 23. Rf2 Re3 24. Qd2 Rxf3 25. Rxf4 R3xf4 26. Nxf4 Bf5 27.
Qe3 h6 28. h3 Bxh3 $10 29. Qxh3 Rxf4 30. Qc8+ (30. Qc8+ Kh7 31. Qc2+ g6 32.
Qc7+ $10) 1/2-1/2

[Event "Beersheba 20th"]
[Site "Beersheba"]
[Date "2001.03.07"]
[Round "4"]
[White "Golod, Vitali"]
[Black "Maryasin, Boris Feliksovich"]
[Result "1-0"]
[WhiteElo "2591"]
[BlackElo "2430"]
[Annotator "Golod,V"]
[PlyCount "75"]
[EventDate "2001.03.04"]
[EventType "tourn"]
[EventRounds "11"]
[EventCountry "ISR"]
[EventCategory "8"]
[SourceTitle "CBM 082"]
[Source "ChessBase"]
[SourceDate "2001.05.17"]
[SourceVersion "1"]
[SourceVersionDate "2001.05.17"]
[SourceQuality "1"]

1. d4 d5 2. c4 dxc4 3. e4 Nc6 {For the first time I have this variant.} 4. Nf3
({Another main line is:} 4. Be3) 4... Bg4 5. d5 Ne5 (5... Bxf3 $5 {See
comments to Loginov,A-Donchenko,A/St.Petersburg,1999/CBM 74(1-0) (Huzman,A)(31)
}) 6. Bf4 Ng6 ({During a game I considered the following idea for black:} 6...
Bxf3 $6 7. gxf3 $140 Qd6 (7... Nd3+ $143 8. Bxd3 cxd3 9. Qxd3 $14) {and in my
opinion at white has a advantage,after:} 8. Bg3 {[%csl Rd6,Re5,Gf1,Gg3]}) 7.
Be3 Nf6 8. Nc3 e5 9. Bxc4 a6 ({Pretty dubious:} 9... Bd6 {without inclusion-a6,
in view of:} 10. Bb5+ $1 Nd7 $140 11. h3 {[%csl Rg4]} Bxf3 12. Qxf3 $14) 10.
Be2 Bxf3 $5 $146 ({Was checked in the previous games:} 10... Bd6 {For example
last of them:} 11. Nd2 Bd7 12. O-O O-O 13. a3 Nf4 14. Bf3 g5 $6 15. Nc4 Kh8 16.
Na5 b5 17. Nb7 Qe7 18. b4 Rg8 19. Nc5 Bc8 20. a4 Rb8 21. axb5 axb5 22. Be2 {
+/=/+/- Ehlvest,J-Baburin,A/Oak Bridge,USA,2000(1-0)(35)}) 11. Bxf3 Bd6 (11...
Nh4 $143 12. O-O Nxf3+ 13. Qxf3 Bd6 $14) {Here I having thought over about 20
minute,and have understood, that,only strong idea in this position of Black:
exchange BB through a point "c5", and my task to prevent it.} 12. h4 $1 h6 {
The inclusion of these moves always is useful for white.} 13. a3 $14 {/\b4(xc5)
} Qe7 {[%cal Gd6c5]} ({Senselessly now and in next move:} 13... Nd7 {because
of:} 14. Bg4 Nxh4 $140 $4 15. Bxd7+ Kxd7 16. Qg4+ {[%csl Rd7,Rh4]}) 14. Rc1 b5
$4 {[%mdl 16384] Roughest positional mistake.} ({Badly:} 14... Bc5 {in view of:
} 15. Nb5 $1 {[%csl Rc5,Rc7]} (15. Qa4+ $5) 15... Bb4+ (15... Bxe3 $2 16. Nxc7+
Kd7 17. fxe3 Rac8 18. Qa4+ $1 (18. Bg4+ $143 Nxg4 19. Qxg4+ Kd8 20. d6 Qd7 {
+/=/+/-}) 18... Kd8 (18... b5 $143 19. Qa5) 19. d6 Qxd6 (19... Qd7 $2 20. Qa5
$18) 20. Rd1 Qxd1+ 21. Qxd1+ Kxc7 $16) 16. axb4 axb5 17. h5 Nf8 18. Bc5 $36) ({
Can be recommended:} 14... Rd8 $5 15. Qa4+ Nd7 16. g3 O-O 17. h5 Nh8 18. b4 (
18. Bg4 $5 Bc5 $140 19. d6 $36) 18... f5 $1 19. exf5 e4 $14) 15. h5 $1 Nf8 16.
Ne2 $16 {[%csl Rf5][%cal Ge2g3,Gg3f5] My knight aspires to get on ideal
"parking".} N6h7 17. Ng3 Nd7 18. Nf5 Qf6 19. Bg4 {[%csl Gg4] /^h3-c8 With each
moves a position black all becomes worse and worse.} Rd8 20. Rc6 $5 {[%csl Ra6]
} Nb8 $140 21. Nxd6+ cxd6 22. Rc7 {[%csl Gc7][%cal Gc7e7,Gc7a7,Gc7c8,Gc7c1]}
Ng5 23. f3 O-O 24. Ke2 Rde8 25. Qc2 Re7 26. Rc1 Nh7 27. Bf5 ({Also good enough:
} 27. Ba7 $5 {[%csl Rb8]}) 27... Ree8 28. Rh1 {[%csl Rh4][%cal Yh1h4]} Qd8 (
28... Re7 29. Ba7 {[%csl Rb8]}) 29. Rb7 Re7 30. Bb6 $1 {At last I reach up
weakness of black.} Qe8 $2 ({A little bit better is:} 30... Rxb7 31. Bxd8 Rxd8
32. Rc1 {+/-/+-}) 31. Bc7 {[%csl Rb8,Rd6]} a5 {[%cal Gb8a6]} 32. Rb6 $1 $18 {
[%csl Rd6][%cal Gc7d6]} (32. Rxb8 $2 Rxc7 33. Qxc7 Qxb8 34. Rc1 $16) 32... Nd7
33. Rxd6 Nhf6 34. Rc6 Nxd5 {Step of despair.} ({Also loses right away:} 34...
Nb8 35. Bd6 (35. Rxf6 $5 gxf6 36. d6 Re6 37. Qd2 Kg7 38. Rh4 $18 {[%csl Gd2,
Rg7][%cal Gh4g4]}) 35... Nxc6 36. dxc6 $18 {[%csl Gc6,Re7,Gf5,Rf8][%cal Gc6c7]}
) 35. exd5 e4 36. fxe4 Ne5 37. Bd6 g6 (37... Nxc6 $144 38. dxc6 g6 39. hxg6
fxg6 40. Bxe7 Qxe7 41. c7 gxf5 42. c8=Q) 38. Rc8 {[%csl Re8]} 1-0

[Event "Montreal 6th"]
[Site "Montreal"]
[Date "2005.08.13"]
[Round "10"]
[White "Golod, Vitali"]
[Black "Charbonneau, Pascal"]
[Result "1/2-1/2"]
[WhiteElo "2582"]
[BlackElo "2509"]
[Annotator "Golod,V"]
[PlyCount "47"]
[EventDate "2005.08.03"]
[EventType "tourn"]
[EventRounds "11"]
[EventCountry "CAN"]
[EventCategory "12"]
[SourceTitle "CBM 109"]
[Source "ChessBase"]
[SourceDate "2005.11.14"]
[SourceVersion "1"]
[SourceVersionDate "2005.11.14"]
[SourceQuality "1"]

1. d4 d5 2. c4 dxc4 {Pascal Charbonneau uses his favourite opening in this
game. I also expected the Benoni.} 3. e4 Nc6 4. Nf3 Bg4 5. d5 Ne5 ({Earlier in
this tournament, this rather doubtful capture was checked:} 5... Bxf3 $6 6.
gxf3 Ne5 7. f4 Nd3+ 8. Bxd3 cxd3 9. Qxd3 c6 10. Nc3 Nf6 11. Be3 g6 $6 (11... a6
$5) 12. O-O-O Qc8 13. Kb1 Bh6 14. d6 exd6 15. Qxd6 Qe6 16. Qb4 $16 {Huzman,
A-Krush,I/Montreal,2005(1-0)(24)}) 6. Bf4 (6. Qd4 $6 {leads to a completely
unclear game:} Nxf3+ 7. gxf3 Bxf3 8. Bxc4 {[%csl Re8][%cal Gc4b5]} a6 $13 (8...
c6 $5)) 6... Ng6 7. Be3 Nf6 8. Nc3 e5 9. Bxc4 a6 {[%csl Ya6][%cal Ya6b5] Bb5+
cannot be allowed.} 10. Be2 Bd6 $5 (10... Bxf3 $143 {was seen in my games
before. You can see my annotations to Golod,V-Maryasin,B/Beer-Sheva,2001/CBM
082(1-0)(38)}) 11. O-O ({No need to hurry with castling for the moment:} 11.
Nd2 $5 {In this continuation you can find eight games in Mega DataBase 2005.})
11... O-O 12. Nd2 Bd7 {It is obvious that exchanging the light-squared bishops
is good for White.} 13. Nc4 $6 {This move does not create big problems for
Black. I didn't remember that I needed to make some preventive moves here:} (
13. a3 $5 {[%cal Ya3b4] There were 5 games played with this move}) ({or} 13.
Rc1 $5 {For further informations you can find two games in Mega DataBase 2005.}
) 13... Bb4 $1 {Now Black is directly attacking the Nc3 and the Pe4} 14. Qc2 {
I spent a lot of time here, looking at other alternatives:} (14. Qb3 $6 Bxc3
15. bxc3 Nxe4 16. Bd3 Bf5 17. Qxb7 Rb8 $36) (14. f3 $6 Qe7 {[%cal Gb4c5]}) (14.
Qd3 b5 15. Nd2 Bd6 (15... c6 $5) 16. Qc2 Ng4 (16... Qe7 $5) 17. Bxg4 Bxg4 18.
Nb3 Nf4 $6 (18... Rc8 $5) 19. f3 $14 {Lugovoi,A-Ivanov,M/Moscow,1998(1-0)(36)})
(14. Bg5 h6 15. Bxf6 Qxf6 16. Ne3 Bc5 (16... Qg5 $5) 17. Bg4 Bxg4 18. Qxg4 $11
{Browne,W-Baburin,A/San Francisco,2002(1/2-1/2)(19)}) 14... b5 {Now it is
obvious that my 13th move wasn't good.} 15. Nd2 c6 {Black gets rid of the
backward c-pawn, thus, equalizing the position.} 16. dxc6 Bxc6 $11 17. Rfd1 Qe7
(17... Rc8 $143 18. a4 $1 $36 {[%csl Ra6,Rb5]}) 18. a3 {I should have
considered to move this pawn 2 squares forward:} (18. a4 $5 {Shipov,S} bxa4
$140 19. Nxa4 $1 Bxd2 20. Rxd2 (20. Bc5 $2 Bxa4 21. Rxa4 Rfc8 22. Rc4 Rxc5 23.
Rxc5 Bh6 $17) 20... Bxe4 21. Qc5 $44) 18... Bxc3 $5 $146 ({The other game,
which has reached this position was continued as follows:} 18... Bd6 $5 {
You can see comments to Beliavsky,A-Kharlov,A/Istanbul,2003/CBM 096(1/2-1/2)
(Huzman,A)(33)}) 19. bxc3 {After this inaccurate move White will have to fight
for equality.} (19. Qxc3 $142 Rfc8 (19... Bxe4 $2 20. Bc5 {[%csl Gc5,Re7,Rf8]})
20. Bc5 (20. Rac1 $5 Qb7 21. Bf3 h6 (21... Bxe4 $4 22. Nxe4 Nxe4 (22... Rxc3
$143 23. Nxf6+ gxf6 24. Bxb7 $18) 23. Bxe4 Qxe4 24. Qxc8+ Rxc8 25. Rxc8+ Nf8
26. Bc5 $18) 22. Qa5 Nh4 23. Qb6 Nxf3+ 24. gxf3 $11) 20... Qb7 (20... Qe6 21.
Qe3 Nf4 22. Bf1 $13) 21. f3 Nf4 22. Bf1 Nd7 23. b4 Ne6 24. Nb3 $11) 19... Nf4
$1 {At last, black's knight is on the most vulnerable place in white's camp.} (
19... Rac8 $6 20. f3 {[%cal Ye2f1]}) 20. Bf3 Rac8 21. c4 ({After:} 21. Nb3 $2 {
my opponent has a very strong tactical idea:} Bxe4 $1 22. Bxe4 $140 Rxc3 23.
Bxh7+ (23. Qb2 $143 Nxe4 24. Bxf4 exf4 25. Re1 (25. f3 $4 Rxb3 26. Qxb3 Qc5+ {
[%csl Gc5,Ge4,Rg1]}) 25... Rd3 26. Qc2 Rfd8 $19) 23... Nxh7 24. Qb2 Rfc8 $17)
21... bxc4 (21... Bd7 $143 22. c5 Ng4 {=/=/+}) 22. Bxf4 exf4 23. Qxc4 Bb5 ({On:
} 23... Bxe4 $2 {I prepared:} 24. Qe2 $1 Rfe8 25. Re1 Rc6 26. Nxe4 Nxe4 27.
Bxe4 Re6 28. Rad1 {עg8} Kf8 29. Rd4 f5 30. Qd2 $11) 24. Qb4 {I offered a draw.
After some analysis after the game, we saw that White's position was a bit
worse after all:} (24. Qb4 Qxb4 25. axb4 Rfe8 $1 {Shipov,S} (25... Nd7 $143 26.
Nb3 (26. Bg4 $5) 26... Rc4 (26... Ne5 27. Nd4 Nxf3+ 28. gxf3 $11) 27. Nd4 Ne5
28. Nxb5 axb5 29. Rab1 $11 {/\Rd5}) 26. g3 $140 (26. Re1 $5 {/\e5}) 26... fxg3
27. hxg3 g5 $1 28. Re1 {/\Be2} (28. Rdc1 Rcd8 29. Ra2 Rd4 $15) (28. Bg2 Rcd8
$15) 28... Rcd8 29. e5 Rxd2 $1 (29... Nd7 $6 30. Ne4 Rxe5 (30... Nxe5 31. Bh5
$1 $11 {[%csl Rf6,Rg5][%cal Ge4f6,Ge4g5]} (31. Nf6+ $2 Kh8 32. Bg2 Re6 $15))
31. Red1 Rde8 32. Nd6 R8e7 33. Nxb5 axb5 34. Bc6 Nf6 35. Rd8+ Kg7 36. Rb8 $11)
30. exf6 Rxe1+ 31. Rxe1 Rd6 32. Re5 h6 33. Be2 $1 (33. Rf5 $6 Rd4 {קb4}) 33...
Bxe2 34. Rxe2 Rxf6 35. Re8+ Kg7 36. Rb8 {/\b5 =/=/+}) (24. Qb3 $6 Nd7 $36 {
[%cal Gd7e5,Gd7c5]}) 1/2-1/2

[Event "Groningen"]
[Site "Groningen"]
[Date "1992.??.??"]
[Round "6"]
[White "Gurevich, Mikhail"]
[Black "Miles, Anthony John"]
[Result "1-0"]
[WhiteElo "2625"]
[BlackElo "2595"]
[Annotator "Gurevich,M"]
[PlyCount "98"]
[EventDate "1992.12.??"]
[EventType "tourn"]
[EventRounds "9"]
[EventCountry "NED"]
[EventCategory "14"]
[SourceTitle "CBM 034"]
[Source "ChessBase"]
[SourceDate "1993.06.01"]
[SourceVersion "1"]
[SourceVersionDate "1993.06.01"]
[SourceQuality "1"]

1. d4 Nc6 2. Nf3 d5 3. c4 Bg4 4. Nc3 Bxf3 (4... dxc4 5. d5 Bxf3 6. exf3 Ne5 7.
Bf4 Nd3+ 8. Bxd3 cxd3 9. Qxd3 $16 {Maric,A-Maksimovic,S/Jugometal/1992/}) 5.
exf3 $5 e6 6. cxd5 exd5 7. Bb5 Bb4 8. Qa4 (8. Bxc6+ $5 bxc6 9. O-O $14 {
/\ 10.Na4 ><c6,c7} Bxc3 $6 10. bxc3 Ne7 11. Ba3 O-O 12. Qa4 Re8 13. Bxe7 Rxe7
14. Qxc6 $16) 8... Qd7 $1 9. O-O (9. Qxb4 $6 Nxb4 10. Bxd7+ Kxd7 11. Kd2 Ne7
12. a3 Nbc6 13. Kd3 Rhe8 $10) (9. Bxc6 $2 Bxc3+ 10. bxc3 Qxc6 11. Qxc6+ bxc6
12. Ba3 Nf6 $15) 9... Nge7 10. Bg5 $5 f6 11. Bd2 Bd6 $5 12. Rfe1 O-O 13. Bd3 a6
14. Ne2 Ne5 $6 (14... f5 $5 {/\ 15...f4<=>} 15. f4 Ne5 $5 16. Qxd7 Nxd7 $132)
15. Qxd7 Nxd7 16. Bf4 $1 $14 Nc8 (16... Bxf4 17. Nxf4 Rfe8 18. Rxe7 $1 Rxe7 19.
Nxd5 Rf7 20. Bc4 Kf8 21. Nxc7 Rc8 22. Bxf7 Rxc7 (22... Kxf7 23. Nd5 Rc2 24. Re1
Rxb2 25. Re7+ Kf8 26. g4 $16) 23. Bb3 $16) 17. Bxd6 Nxd6 18. Nf4 (18. Nc3 $5
Nb6 19. a4 a5 20. Nb5 Nxb5 21. axb5 $14) 18... Nb6 (18... c6 19. Re6 $5 Nb5 20.
Re7 $16 Rf7 21. Bxh7+ Kf8 22. Ng6#) 19. Re7 Rf7 20. Re6 $1 (20. Rae1 Rxe7 21.
Rxe7 Re8 $1 $10 22. Rxc7 $2 Re1+ 23. Bf1 Nbc4 $17) 20... Re8 21. Rxe8+ Nxe8 22.
Re1 Nd6 23. Re6 Rd7 (23... Rf8 {/\ 24...Re8} 24. h4 Re8 25. Bf5 $1 $14) 24. h4
$1 {/\ 25.h5 ->>>} c6 25. h5 h6 (25... Nbc8 26. h6 Re7 27. hxg7 $16) 26. Kf1
Nbc8 27. Ke2 Re7 28. Bg6 $1 {עg8} Kf8 29. Kd3 a5 30. b3 b6 31. Re3 Rd7 (31...
Rxe3+ 32. fxe3 $16 {/\ 33.e4}) 32. g4 a4 33. bxa4 $6 $138 (33. Kc3 $5 Ra7 34.
Kb4 axb3 35. axb3 Ra2 36. Ne6+ Kg8 37. Nd8 $16) 33... Ra7 34. Ne6+ Kg8 35. Nd8
c5 36. Ne6 c4+ $6 (36... cxd4 37. Nxd4 Rxa4 38. Nb5 $16 Rxa2 39. Re6 $18) (
36... Rxa4 $1 37. dxc5 bxc5 38. Nxc5 Rxa2 39. Re6 {/\ 40.Nb7} Ra7 $10 40. Kd4
Nb5+) 37. Kc3 Rxa4 38. Nc7 Rxa2 (38... Ra5 39. a4 $14) 39. Nxd5 Na7 $2 (39...
Rxf2 40. Ne7+ Nxe7 41. Rxe7 Rxf3+ 42. Kc2 $18 {/\ 43.Re6; 43.Rd7;}) (39... Ra7
$32) 40. Nxb6 Nab5+ 41. Kb4 Rb2+ 42. Kc5 c3 43. Nc4 $1 $18 c2 (43... Nb7+ 44.
Kb6 $18) 44. Re1 c1=Q (44... Rb1 45. Rxb1 cxb1=Q 46. Bxb1 Nxc4 47. Ba2 $18) 45.
Rxc1 Nb7+ 46. Kb6 Rb4 47. Kxb7 Nd6+ 48. Kc6 Rxc4+ 49. Rxc4 Nxc4 1-0